000 03576cgm a2200745Ia 4500
001 ocn793358276
003 OCoLC
005 20241220132448.0
008 120509s2012 cau107 e vleng d
007 vd cvaizk
040 _aTEFMT
_cTEFMT
_dTEF
_dLPU
_dBTCTA
_dBDX
_dIEP
_dUPZ
_dUINTA
019 _a783367792
024 1 _a025192075919
028 4 2 _a61115570
_bUniversal
035 _a(OCoLC)793358276
_z(OCoLC)783367792
037 _bMidwest Tape
_nhttp://www.midwesttapes.com
041 1 _aeng
_afre
_aspa
_jeng
_jfre
_jspa
_heng
043 _an-us-ak
050 4 _aPN1997.2
_b.B54 2012
082 0 4 _a791.43/72
_223
049 _aUCLB
092 _a791.437
245 0 0 _aBig miracle
_h[videorecording] /
_cUniversal Pictures presents an Anonymous Content/Working Title production, a Ken Kwapis film ; produced by Steve Golin ... [et al.] ; screenplay by Jack Amiel & Michael Begler ; directed by Ken Kwapis.
260 _aUniversal City, CA :
_bUniversal Studios Home Entertainment,
_cc2012.
300 _a1 videodisc (107 min.) :
_bsd., col. ;
_c4 3/4 in.
500 _aTitle from container.
538 _aDVD, anamorphic widescreen (2.40:1); Dolby Digital 5.1 or 2.0 (English DVS).
546 _aEnglish, Spanish or French dialogue; Spanish or French subtitles; subtitled for the deaf and hard of hearing; English described video for the visually impaired.
511 1 _aDrew Barrymore, John Krasinski, Kristen Bell, Dermot Mulroney, Tim Blake Nelson, Vinessa Shaw, Ted Danson.
508 _aMusic by Cliff Eidelman.
500 _aVideodisc release of the 2012 motion picture.
500 _aBased on the book: Freeing the whales / by Thomas Rose.
500 _aRelease date: Jun. 19, 2012.
521 8 _aRating: PG; for language.
520 _aInspired by the true story, tells the amazing tale of a small town news reporter and a Greenpeace volunteer who are joined by rival world superpowers to save a family of majestic gray whales trapped by rapidly forming ice in the Arctic Circle.
500 _aBonus materials: Deleted scenes with intros by director Ken Kwapis; truth is stranger than fiction; feature commentary with director Ken Kwapis.
650 0 _aGray whale
_xStranding
_zAlaska
_zNorth Slope
_vDrama.
_96515187
650 0 _aWildlife rescue
_zAlaska
_zNorth Slope
_vDrama.
_96515188
650 0 _aWildlife rescue
_xPress coverage
_zAlaska
_zNorth Slope
_vDrama.
_96515189
650 7 _aBallenas
_vTeatro.
_2bidex
_96515190
655 7 _aFeature films.
_2lcgft
_96236170
655 7 _aWildlife films.
_2lcgft
_95879089
655 7 _aRomance films.
_2lcgft
_95675183
655 7 _aVideo recordings for the hearing impaired.
_2lcgft
_96236171
655 7 _aVideo recordings for people with visual disabilities.
_2lcgft
_95676923
655 7 _aFeature films.
_2gsafd
_96236170
700 1 _aGolin, Steve.
_926669
700 1 _aKwapis, Ken.
_968088
700 1 _aBarrymore, Drew.
_975597
700 1 _aKrasinski, John,
_d1979-
_972671
700 1 _aBell, Kristen,
_d1980-
_972592
700 1 _aMulroney, Dermot.
_964320
700 1 _aAmiel, Jack.
_971426
700 1 _aBegler, Michael.
_971427
700 1 _aRose, Tom,
_d1956-
_tFreeing the whales.
_96236172
710 2 _aUniversal Pictures (Firm)
_919584
710 2 _aAnonymous Content (Firm)
_971631
710 2 _aWorking Title Films.
_963530
710 2 _aUniversal Studios Home Entertainment (Firm)
_972642
938 _aBaker and Taylor
_bBTCP
_nBEDDMC 61115570
938 _aBrodart
_bBROD
_n101415214
_c$29.98
942 _cDVD
_0308
994 _aC0
_bUINTA
998 _aa152314
999 _c84797
_d84797